00423nam a2200169Ia 450000500170000000800410001704000190005804100120007708200160008910000230010524500450012825000110017326000280018430000100021265000210022285000100024320240925115125.0131103s9999 xx 000 0 und d aLoreto College aEnglish a891.44bCHO aChoudhuri, Bibhuti aAkaler bangla sahityacBibhuti Choudhuri a1st ed aKolkatabB.sarkarc1968 a412p  aBengali language aLCBED